000 00602nam a2200217Ii 4500
001 3609
003 CO-ViMGA
008 241108s9999||||xx |||||||||||||| ||und||
020 _a8489618445
040 _aCO-ViMGA
_bspa
_erda
_cCO-ViMGA
041 0 _aspa
084 _aN ABA1ba
100 1 _aAbad Faciolince, Héctor
_97830
245 1 0 _aBasura
264 1 _aMadrid, España : Ediciones Lengua de Trapo, 2000
300 _avolumen
336 _atext
_btxt
_2rdacontent
337 _aunmediated
_bn
_2rdamedia
338 _avolume
_bnc
_2rdacarrier
940 _aidficha_siabuc: 3523. -- ficha_no_siabuc:3609
999 _c38646
_d38646